[Event "M?R 2020 v bleskovém ?achu druzstev"]
[Site "Turnov"]
[Date "2020.09.12"]
[Round "17.5"]
[White "Vokoun PAN_B, Jan"]
[Black "Vrkota KHO, Milos"]
[Result "1-0"]
[BlackElo "2075"]
[WhiteElo "2012"]
[LiveChessVersion "1.4.8"]

1. c4 {[%clk 0:03:03]} e5 {[%clk 0:03:03]} 2. Nc3 {[%clk 0:03:04]} f5
{[%clk 0:03:03]} 3. g3 {[%clk 0:02:49]} Nf6 {[%clk 0:03:04]} 4. Bg2
{[%clk 0:02:51]} g6 {[%clk 0:03:04]} 5. Rb1 {[%clk 0:02:46]} a5 {[%clk 0:03:03]}
6. a3 {[%clk 0:02:47]} Bg7 {[%clk 0:03:01]} 7. b4 {[%clk 0:02:48]} axb4
{[%clk 0:03:02]} 8. axb4 {[%clk 0:02:49]} O-O {[%clk 0:02:56]} 9. c5
{[%clk 0:02:47]} d5 {[%clk 0:02:34]} 10. cxd6 {[%clk 0:02:46]} Qxd6
{[%clk 0:02:20]} 11. Nf3 {[%clk 0:02:18]} h6 {[%clk 0:01:59]} 12. O-O
{[%clk 0:02:05]} c6 {[%clk 0:01:59]} 13. d3 {[%clk 0:01:56]} Be6 {[%clk 0:01:56]}
14. Na4 {[%clk 0:01:51]} Nbd7 {[%clk 0:01:51]} 15. Qc2 {[%clk 0:01:46]} Kh7
{[%clk 0:01:41]} 16. Nc5 {[%clk 0:01:27]} e4 {[%clk 0:00:39]} 17. dxe4
{[%clk 0:01:17]} fxe4 {[%clk 0:00:38]} 18. Nxe4 {[%clk 0:01:15]} Nxe4
{[%clk 0:00:38]} 19. Qxe4 {[%clk 0:01:16]} Bf5 {[%clk 0:00:36]} 20. Bf4
{[%clk 0:00:54]} Qf6 {[%clk 0:00:29]} 21. Qe3 {[%clk 0:00:42]} Bxb1 22. Rxb1
{[%clk 0:00:43]} Ra1 {[%clk 0:00:30]} 23. Rxa1 {[%clk 0:00:42]} Qxa1+
{[%clk 0:00:31]} 24. Bf1 {[%clk 0:00:43]} Nf6 {[%clk 0:00:29]} 25. Qe7
{[%clk 0:00:37]} Nd5 {[%clk 0:00:28]} 26. Qxb7 {[%clk 0:00:35]} Nxf4
{[%clk 0:00:28]} 27. gxf4 {[%clk 0:00:35]} Rxf4 {[%clk 0:00:27]} 28. h3
{[%clk 0:00:30]} Qb2 {[%clk 0:00:27]} 29. Kg2 {[%clk 0:00:16]} Qxb4
{[%clk 0:00:26]} 30. Qxc6 {[%clk 0:00:17]} Qc4 {[%clk 0:00:25]} 31. Qd7
{[%clk 0:00:16]} Rf7 {[%clk 0:00:25]} 32. Qd6 {[%clk 0:00:16]} Qc7
{[%clk 0:00:23]} 33. Qd3 {[%clk 0:00:16]} Qe7 {[%clk 0:00:23]} 34. e3
{[%clk 0:00:16]} Qb7 {[%clk 0:00:24]} 35. Be2 {[%clk 0:00:17]} Rd7
{[%clk 0:00:22]} 36. Qc2 {[%clk 0:00:18]} Rf7 {[%clk 0:00:23]} 37. h4
{[%clk 0:00:18]} Qc7 {[%clk 0:00:18]} 38. Qe4 {[%clk 0:00:17]} Qe7
{[%clk 0:00:19]} 39. Qc4 {[%clk 0:00:18]} Qc7 {[%clk 0:00:18]} 40. Qe4
{[%clk 0:00:18]} Re7 {[%clk 0:00:18]} 41. Qb1 {[%clk 0:00:16]} Qc5
{[%clk 0:00:20]} 42. Bd3 {[%clk 0:00:16]} Qd6 {[%clk 0:00:19]} 43. h5
{[%clk 0:00:16]} Rd7 {[%clk 0:00:17]} 44. Bxg6+ {[%clk 0:00:16]} Kg8
{[%clk 0:00:18]} 45. Qb3+ {[%clk 0:00:17]} Kf8 {[%clk 0:00:18]} 46. Bh7
{[%clk 0:00:17]} Qd5 {[%clk 0:00:17]} 47. Qb8+ {[%clk 0:00:17]} Rd8
{[%clk 0:00:18]} 48. Qf4+ {[%clk 0:00:18]} Qf7 {[%clk 0:00:18]} 49. Qb4+
{[%clk 0:00:17]} Qe7 {[%clk 0:00:20]} 50. Qf4+ {[%clk 0:00:18]} Qf7
{[%clk 0:00:21]} 51. Qb4+ {[%clk 0:00:19]} Qe7 {[%clk 0:00:22]} 52. Qf4+
{[%clk 0:00:20]} Qf7 {[%clk 0:00:23]} 53. Qb4+ {[%clk 0:00:21]} Ke8
{[%clk 0:00:23]} 54. Bg6 {[%clk 0:00:22]} 1-0

[Event "M?R 2020 v bleskovém ?achu druzstev"]
[Site "Turnov"]
[Date "2020.09.12"]
[Round "17.6"]
[White "Cernovsky KHO, Jiri"]
[Black "Postupa PAN_B, Martin"]
[Result "1/2-1/2"]
[BlackElo "1992"]
[WhiteElo "2052"]
[LiveChessVersion "1.4.8"]

1. e4 {[%clk 0:03:02]} e5 {[%clk 0:03:03]} 2. Nf3 {[%clk 0:03:04]} Nc6
{[%clk 0:03:04]} 3. Bc4 {[%clk 0:03:05]} Be7 {[%clk 0:03:05]} 4. O-O
{[%clk 0:03:06]} Nf6 {[%clk 0:03:06]} 5. d3 {[%clk 0:03:07]} d6 {[%clk 0:03:07]}
6. h3 {[%clk 0:03:08]} O-O {[%clk 0:03:05]} 7. Be3 {[%clk 0:03:07]} Na5
{[%clk 0:03:03]} 8. Bb3 {[%clk 0:03:09]} h6 {[%clk 0:03:03]} 9. Nbd2
{[%clk 0:03:09]} Nh7 {[%clk 0:02:56]} 10. Nc4 {[%clk 0:03:01]} Nxb3
{[%clk 0:02:53]} 11. axb3 {[%clk 0:03:02]} a6 {[%clk 0:02:53]} 12. Bd2
{[%clk 0:03:02]} f5 {[%clk 0:02:53]} 13. exf5 {[%clk 0:03:02]} Bxf5
{[%clk 0:02:53]} 14. Ne3 {[%clk 0:03:02]} Bd7 {[%clk 0:02:51]} 15. Nd5
{[%clk 0:02:59]} Bc6 {[%clk 0:02:47]} 16. Nxe7+ {[%clk 0:02:59]} Qxe7
{[%clk 0:02:48]} 17. Ne1 {[%clk 0:02:58]} Qf6 {[%clk 0:02:39]} 18. Qg4
{[%clk 0:02:52]} Rad8 {[%clk 0:02:33]} 19. Qg3 {[%clk 0:02:45]} Kh8
{[%clk 0:02:28]} 20. Bc3 {[%clk 0:02:23]} Qg5 {[%clk 0:02:19]} 21. Qxg5
{[%clk 0:02:17]} Nxg5 {[%clk 0:02:19]} 22. Bd2 {[%clk 0:02:18]} Ne6
{[%clk 0:02:19]} 23. c3 {[%clk 0:02:13]} Rf6 {[%clk 0:02:13]} 24. f3
{[%clk 0:02:14]} Rdf8 {[%clk 0:02:12]} 25. Rf2 {[%clk 0:02:12]} Rg6
{[%clk 0:02:06]} 26. Kh2 {[%clk 0:02:11]} e4 {[%clk 0:01:38]} 27. dxe4
{[%clk 0:02:08]} Bxe4 {[%clk 0:01:38]} 28. Be3 {[%clk 0:02:07]} Bc6
{[%clk 0:01:31]} 29. b4 {[%clk 0:02:07]} Bb5 {[%clk 0:01:29]} 30. Nc2
{[%clk 0:02:05]} Bd3 {[%clk 0:01:22]} 31. Nd4 {[%clk 0:02:06]} Nxd4
{[%clk 0:01:21]} 32. Bxd4 {[%clk 0:02:06]} Re6 {[%clk 0:01:21]} 33. Rd1
{[%clk 0:02:04]} Bc4 {[%clk 0:01:16]} 34. f4 {[%clk 0:01:46]} Re4
{[%clk 0:01:02]} 35. g3 {[%clk 0:01:44]} b6 {[%clk 0:01:01]} 36. Rfd2
{[%clk 0:01:33]} Rfe8 {[%clk 0:01:00]} 37. Kg1 {[%clk 0:01:28]} Re1+
{[%clk 0:00:51]} 38. Rxe1 {[%clk 0:01:21]} Rxe1+ {[%clk 0:00:51]} 39. Kf2
{[%clk 0:01:22]} Rh1 {[%clk 0:00:51]} 40. h4 {[%clk 0:01:22]} c5 {[%clk 0:00:45]}
41. bxc5 {[%clk 0:01:23]} dxc5 {[%clk 0:00:45]} 42. Be5 {[%clk 0:01:20]} b5
{[%clk 0:00:36]} 43. Bd6 {[%clk 0:01:17]} Rf1+ {[%clk 0:00:34]} 44. Kg2
{[%clk 0:01:14]} b4 {[%clk 0:00:26]} 45. cxb4 {[%clk 0:01:14]} cxb4
{[%clk 0:00:27]} 46. Bxb4 1/2-1/2

[Event "M?R 2020 v bleskovém ?achu druzstev"]
[Site "Turnov"]
[Date "2020.09.12"]
[Round "17.7"]
[White "Melich PAN_B, Jindrich"]
[Black "Keller KHO, Daniel"]
[Result "1/2-1/2"]
[BlackElo "2096"]
[WhiteElo "1924"]
[LiveChessVersion "1.4.8"]

1. b4 {[%clk 0:03:03]} d5 2. Bb2 Nf6 {[%clk 0:03:02]} 3. e3 {[%clk 0:03:06]} Bf5
{[%clk 0:03:03]} 4. c4 {[%clk 0:03:07]} e6 {[%clk 0:03:02]} 5. Nf3
{[%clk 0:03:07]} c5 {[%clk 0:02:25]} 6. bxc5 {[%clk 0:02:58]} Bxc5
{[%clk 0:02:26]} 7. Nc3 {[%clk 0:02:53]} O-O {[%clk 0:02:23]} 8. cxd5
{[%clk 0:02:40]} Nxd5 {[%clk 0:02:16]} 9. Nxd5 {[%clk 0:02:41]} Qxd5
{[%clk 0:02:14]} 10. Be2 {[%clk 0:02:41]} Nc6 {[%clk 0:02:12]} 11. O-O
{[%clk 0:02:41]} Nb4 {[%clk 0:02:00]} 12. d4 {[%clk 0:02:37]} Bd6
{[%clk 0:01:49]} 13. a4 {[%clk 0:01:54]} Rac8 {[%clk 0:01:46]} 14. Ba3
{[%clk 0:01:47]} Rfd8 {[%clk 0:01:01]} 15. Bxb4 {[%clk 0:01:46]} Bxb4
{[%clk 0:01:02]} 16. Bd3 {[%clk 0:01:47]} Bg4 {[%clk 0:00:54]} 17. h3
{[%clk 0:01:39]} Bxf3 {[%clk 0:00:54]} 18. Qxf3 {[%clk 0:01:34]} Qxf3
{[%clk 0:00:54]} 19. gxf3 {[%clk 0:01:35]} Rc3 {[%clk 0:00:52]} 20. Rfd1
{[%clk 0:01:32]} Rdc8 {[%clk 0:00:53]} 21. Ra2 {[%clk 0:01:23]} b6
{[%clk 0:00:52]} 22. Kg2 {[%clk 0:01:21]} g6 {[%clk 0:00:50]} 23. f4
{[%clk 0:01:21]} Kf8 {[%clk 0:00:50]} 24. h4 {[%clk 0:01:17]} h5 {[%clk 0:00:51]}
25. Ba6 {[%clk 0:01:14]} R8c7 {[%clk 0:00:51]} 26. d5 {[%clk 0:01:14]} exd5
{[%clk 0:00:39]} 27. Rxd5 {[%clk 0:01:14]} R3c5 {[%clk 0:00:34]} 28. Rd8+
{[%clk 0:01:01]} Kg7 {[%clk 0:00:31]} 29. Re2 {[%clk 0:00:55]} Rc3
{[%clk 0:00:12]} 30. Rd3 {[%clk 0:00:50]} Rxd3 {[%clk 0:00:11]} 31. Bxd3
{[%clk 0:00:50]} Re7 {[%clk 0:00:12]} 32. Bb5 {[%clk 0:00:50]} Rc7
{[%clk 0:00:13]} 33. Kf3 {[%clk 0:00:50]} Be7 {[%clk 0:00:13]} 34. Kg3
{[%clk 0:00:48]} Rc5 {[%clk 0:00:12]} 35. Rd2 {[%clk 0:00:48]} Rc7
{[%clk 0:00:12]} 36. Rd7 {[%clk 0:00:48]} Rxd7 {[%clk 0:00:13]} 37. Bxd7
{[%clk 0:00:49]} Kf8 {[%clk 0:00:08]} 38. f5 {[%clk 0:00:49]} Kg7
{[%clk 0:00:06]} 39. fxg6 {[%clk 0:00:48]} Kxg6 {[%clk 0:00:06]} 40. f4
{[%clk 0:00:49]} Bd8 {[%clk 0:00:04]} 41. e4 {[%clk 0:00:49]} a6 {[%clk 0:00:05]}
42. Bf5+ {[%clk 0:00:48]} Kg7 {[%clk 0:00:05]} 43. Bd7 {[%clk 0:00:47]} f6
{[%clk 0:00:06]} 44. Kf3 {[%clk 0:00:47]} Bc7 {[%clk 0:00:06]} 45. Bc6
{[%clk 0:00:46]} Bd6 {[%clk 0:00:07]} 46. Bd7 Bc7 {[%clk 0:00:07]} 47. Be8
{[%clk 0:00:45]} Kh6 {[%clk 0:00:08]} 48. Ke3 {[%clk 0:00:45]} Bd6
{[%clk 0:00:09]} 49. Kf3 {[%clk 0:00:46]} Bc7 {[%clk 0:00:10]} 1/2-1/2

[Event "M?R 2020 v bleskovém ?achu druzstev"]
[Site "Turnov"]
[Date "2020.09.12"]
[Round "18.1"]
[White "Kraus TUR_A, Tomas"]
[Black "Jirovsky PAN_A, Milos"]
[Result "1/2-1/2"]
[BlackElo "2503"]
[WhiteElo "2417"]
[LiveChessVersion "1.4.8"]

1. c4 {[%clk 0:03:02]} e6 {[%clk 0:03:03]} 2. Nc3 {[%clk 0:03:00]} d5
{[%clk 0:03:05]} 3. d4 {[%clk 0:03:01]} Nf6 {[%clk 0:03:05]} 4. cxd5
{[%clk 0:02:59]} exd5 {[%clk 0:03:07]} 5. Bg5 {[%clk 0:03:00]} c6
{[%clk 0:03:08]} 6. e3 {[%clk 0:03:00]} Bf5 {[%clk 0:03:09]} 7. Bd3
{[%clk 0:02:45]} Bg6 {[%clk 0:03:08]} 8. Nge2 {[%clk 0:02:39]} Be7
{[%clk 0:03:09]} 9. Nf4 {[%clk 0:02:29]} Nbd7 {[%clk 0:03:10]} 10. Nxg6
{[%clk 0:02:25]} hxg6 {[%clk 0:03:10]} 11. Qc2 {[%clk 0:02:15]} Nf8
{[%clk 0:03:10]} 12. Bf4 {[%clk 0:02:05]} Ne6 {[%clk 0:03:02]} 13. Bg3
{[%clk 0:02:04]} a5 {[%clk 0:02:44]} 14. O-O {[%clk 0:01:57]} Bd6
{[%clk 0:02:34]} 15. Rad1 {[%clk 0:01:32]} Bxg3 {[%clk 0:02:24]} 16. hxg3
{[%clk 0:01:33]} Ng4 {[%clk 0:02:14]} 17. Be2 {[%clk 0:01:04]} Qg5
{[%clk 0:02:12]} 18. Bxg4 {[%clk 0:01:04]} Qxg4 {[%clk 0:02:13]} 19. Qe2
{[%clk 0:01:05]} Qxe2 {[%clk 0:01:54]} 20. Nxe2 {[%clk 0:01:06]} Ke7
{[%clk 0:01:55]} 21. f3 {[%clk 0:00:51]} Kd6 {[%clk 0:01:50]} 22. Kf2
{[%clk 0:00:51]} Rae8 {[%clk 0:01:48]} 23. Nf4 {[%clk 0:00:49]} Nxf4
{[%clk 0:01:36]} 24. gxf4 {[%clk 0:00:48]} f5 {[%clk 0:01:24]} 25. Rh1
{[%clk 0:00:47]} b6 {[%clk 0:01:18]} 26. Rxh8 {[%clk 0:00:42]} Rxh8
{[%clk 0:01:20]} 27. Rd3 {[%clk 0:00:41]} Rh1 {[%clk 0:01:19]} 28. Rd2
{[%clk 0:00:30]} Rc1 {[%clk 0:01:14]} 29. Ke2 {[%clk 0:00:28]} a4
{[%clk 0:00:52]} 30. Kd3 {[%clk 0:00:25]} Rg1 {[%clk 0:00:52]} 31. a3
{[%clk 0:00:22]} Rc1 {[%clk 0:00:37]} 32. Rc2 {[%clk 0:00:20]} Rd1+
{[%clk 0:00:33]} 33. Rd2 {[%clk 0:00:22]} Rg1 {[%clk 0:00:33]} 34. Rc2
{[%clk 0:00:23]} c5 {[%clk 0:00:34]} 35. Kc3 {[%clk 0:00:21]} Kc6
{[%clk 0:00:32]} 36. Rd2 {[%clk 0:00:17]} Re1 {[%clk 0:00:30]} 37. dxc5
{[%clk 0:00:11]} bxc5 {[%clk 0:00:29]} 38. Kd3 {[%clk 0:00:12]} Rc1
{[%clk 0:00:26]} 39. e4 {[%clk 0:00:09]} fxe4+ {[%clk 0:00:15]} 40. fxe4
{[%clk 0:00:11]} Rc4 {[%clk 0:00:13]} 41. exd5+ {[%clk 0:00:09]} Kxd5
{[%clk 0:00:15]} 42. Ke3+ {[%clk 0:00:08]} Ke6 {[%clk 0:00:13]} 43. g3
{[%clk 0:00:07]} Rc1 {[%clk 0:00:12]} 44. Kf3 {[%clk 0:00:07]} c4
{[%clk 0:00:11]} 45. Ke3 {[%clk 0:00:07]} Re1+ {[%clk 0:00:08]} 1/2-1/2

[Event "M?R 2020 v bleskovém ?achu druzstev"]
[Site "Turnov"]
[Date "2020.09.12"]
[Round "18.2"]
[White "Sokolov PAN_A, Alexander"]
[Black "Simacek TUR_A, Pavel"]
[Result "1-0"]
[BlackElo "2407"]
[WhiteElo "2409"]
[LiveChessVersion "1.4.8"]

1. e4 {[%clk 0:03:02]} d5 {[%clk 0:03:03]} 2. exd5 {[%clk 0:03:02]} Nf6
{[%clk 0:03:03]} 3. c4 {[%clk 0:02:58]} e6 {[%clk 0:03:03]} 4. dxe6
{[%clk 0:02:58]} Bxe6 {[%clk 0:03:03]} 5. d4 {[%clk 0:02:59]} Qe7
{[%clk 0:02:57]} 6. Qe2 {[%clk 0:02:58]} Nc6 {[%clk 0:02:53]} 7. Nf3
{[%clk 0:02:59]} Bg4 {[%clk 0:02:20]} 8. Be3 {[%clk 0:02:18]} O-O-O
{[%clk 0:02:10]} 9. d5 {[%clk 0:01:52]} Ne5 {[%clk 0:02:09]} 10. Nc3
{[%clk 0:01:53]} c6 {[%clk 0:01:56]} 11. O-O-O {[%clk 0:01:41]} Kb8
{[%clk 0:01:39]} 12. Bf4 {[%clk 0:01:31]} Nfd7 {[%clk 0:01:22]} 13. Bxe5+
{[%clk 0:01:30]} Nxe5 {[%clk 0:01:18]} 14. Qxe5+ {[%clk 0:01:30]} Qxe5
{[%clk 0:01:18]} 15. Nxe5 {[%clk 0:01:31]} Bxd1 {[%clk 0:01:19]} 16. Nxf7
{[%clk 0:01:20]} Rd7 {[%clk 0:01:05]} 17. Nxh8 {[%clk 0:00:59]} Bh5
{[%clk 0:01:05]} 18. Bd3 {[%clk 0:00:53]} g6 {[%clk 0:00:57]} 19. f3
{[%clk 0:00:36]} g5 {[%clk 0:00:51]} 20. Re1 {[%clk 0:00:32]} Kc7
{[%clk 0:00:41]} 21. g4 {[%clk 0:00:33]} Bg7 {[%clk 0:00:27]} 22. gxh5
{[%clk 0:00:32]} Bxh8 {[%clk 0:00:28]} 23. Bf5 {[%clk 0:00:25]} Rf7
{[%clk 0:00:26]} 24. Bg4 {[%clk 0:00:26]} Bd4 {[%clk 0:00:23]} 25. Kc2
{[%clk 0:00:26]} h6 {[%clk 0:00:23]} 26. Kd3 {[%clk 0:00:27]} Bg7
{[%clk 0:00:20]} 27. Re6 {[%clk 0:00:28]} Kb6 {[%clk 0:00:12]} 28. b4
{[%clk 0:00:28]} a5 {[%clk 0:00:11]} 29. Na4+ {[%clk 0:00:26]} Ka6
{[%clk 0:00:10]} 30. Nc5+ {[%clk 0:00:26]} Kb6 {[%clk 0:00:10]} 31. Na4+
{[%clk 0:00:25]} Ka6 {[%clk 0:00:11]} 32. b5+ {[%clk 0:00:25]} Ka7
{[%clk 0:00:11]} 33. b6+ {[%clk 0:00:26]} Ka6 {[%clk 0:00:10]} 34. Nc5+
{[%clk 0:00:27]} Kxb6 {[%clk 0:00:11]} 35. Na4+ {[%clk 0:00:24]} Ka6
{[%clk 0:00:11]} 36. dxc6 {[%clk 0:00:21]} bxc6 {[%clk 0:00:10]} 37. Rxc6+
{[%clk 0:00:22]} Kb7 {[%clk 0:00:11]} 38. Rd6 {[%clk 0:00:19]} Kc7
{[%clk 0:00:12]} 39. Rd5 {[%clk 0:00:20]} Rf6 {[%clk 0:00:08]} 40. Rc5+
{[%clk 0:00:18]} Kd6 {[%clk 0:00:07]} 41. Rxa5 {[%clk 0:00:18]} Rf4
{[%clk 0:00:05]} 42. Ra6+ {[%clk 0:00:17]} Ke5 {[%clk 0:00:03]} 43. Re6# Kd5 44.
Ke4+ 1-0

[Event "M?R 2020 v bleskovém ?achu druzstev"]
[Site "Turnov"]
[Date "2020.09.12"]
[Round "18.3"]
[White "Vykouk TUR_A, Jan"]
[Black "Dolezal PAN_A, Radoslav"]
[Result "0-1"]
[BlackElo "2404"]
[WhiteElo "2374"]
[LiveChessVersion "1.4.8"]

1. e4 {[%clk 0:03:03]} e5 {[%clk 0:03:01]} 2. Nf3 {[%clk 0:03:03]} Nc6
{[%clk 0:03:02]} 3. Bc4 {[%clk 0:03:04]} Be7 {[%clk 0:03:03]} 4. O-O
{[%clk 0:03:03]} d6 {[%clk 0:03:04]} 5. c3 {[%clk 0:02:58]} Nf6 {[%clk 0:03:05]}
6. d3 {[%clk 0:02:58]} O-O {[%clk 0:03:05]} 7. Nbd2 {[%clk 0:02:56]} Be6
{[%clk 0:02:59]} 8. Re1 {[%clk 0:02:49]} a6 {[%clk 0:02:37]} 9. Bb3
{[%clk 0:02:45]} Bxb3 {[%clk 0:02:36]} 10. axb3 {[%clk 0:02:46]} g6
{[%clk 0:02:31]} 11. Nc4 {[%clk 0:02:41]} Nh5 {[%clk 0:02:28]} 12. Bh6
{[%clk 0:02:35]} Re8 {[%clk 0:02:28]} 13. Ne3 {[%clk 0:02:25]} Bf8
{[%clk 0:02:13]} 14. Bxf8 {[%clk 0:02:25]} Rxf8 {[%clk 0:02:14]} 15. g3
{[%clk 0:02:24]} Ne7 {[%clk 0:02:02]} 16. d4 {[%clk 0:02:16]} f6 {[%clk 0:01:57]}
17. b4 {[%clk 0:02:14]} Qc8 {[%clk 0:01:21]} 18. Kg2 {[%clk 0:01:57]} Ng7
{[%clk 0:01:11]} 19. Qb3+ {[%clk 0:01:54]} Qe6 {[%clk 0:01:07]} 20. Qxe6+
{[%clk 0:01:53]} Nxe6 {[%clk 0:01:08]} 21. d5 {[%clk 0:01:36]} Ng5
{[%clk 0:01:00]} 22. Nxg5 {[%clk 0:01:36]} fxg5 {[%clk 0:01:01]} 23. c4
{[%clk 0:01:31]} Nc8 {[%clk 0:00:49]} 24. c5 {[%clk 0:01:29]} Na7
{[%clk 0:00:50]} 25. c6 {[%clk 0:01:02]} bxc6 {[%clk 0:00:31]} 26. Rxa6
{[%clk 0:01:02]} Nb5 {[%clk 0:00:32]} 27. Rxc6 {[%clk 0:00:59]} Ra4
{[%clk 0:00:30]} 28. Rc4 {[%clk 0:00:50]} Rfa8 {[%clk 0:00:24]} 29. Rec1
{[%clk 0:00:41]} R8a7 {[%clk 0:00:20]} 30. Nd1 {[%clk 0:00:39]} R4a6
{[%clk 0:00:10]} 31. Rc6 {[%clk 0:00:21]} Rxc6 {[%clk 0:00:08]} 32. Rxc6
{[%clk 0:00:22]} Rb7 {[%clk 0:00:08]} 33. Nc3 {[%clk 0:00:19]} Nd4
{[%clk 0:00:10]} 34. Rc4 {[%clk 0:00:18]} Kf7 {[%clk 0:00:08]} 35. b5
{[%clk 0:00:14]} Ke7 {[%clk 0:00:09]} 36. f4 {[%clk 0:00:12]} gxf4
{[%clk 0:00:08]} 37. gxf4 {[%clk 0:00:13]} Kd7 {[%clk 0:00:09]} 38. fxe5
{[%clk 0:00:13]} dxe5 {[%clk 0:00:11]} 39. Rc5 {[%clk 0:00:08]} Ra7
{[%clk 0:00:09]} 40. Rc4 {[%clk 0:00:04]} Ra5 {[%clk 0:00:08]} 41. b6
{[%clk 0:00:04]} cxb6 {[%clk 0:00:09]} 42. Rb4 {[%clk 0:00:04]} b5
{[%clk 0:00:08]} 43. Kg3 {[%clk 0:00:04]} Kd6 {[%clk 0:00:09]} 44. Kg4 Kc5 0-1

[Event "M?R 2020 v bleskovém ?achu druzstev"]
[Site "Turnov"]
[Date "2020.09.12"]
[Round "18.4"]
[White "Postupa PAN_A, Pavel"]
[Black "Studnicka TUR_A, Tomas"]
[Result "1/2-1/2"]
[BlackElo "2155"]
[WhiteElo "2207"]
[LiveChessVersion "1.4.8"]

1. e4 {[%clk 0:03:02]} e5 {[%clk 0:03:01]} 2. Nf3 {[%clk 0:03:03]} Nf6
{[%clk 0:03:02]} 3. Nxe5 {[%clk 0:03:04]} d6 {[%clk 0:03:03]} 4. Nf3
{[%clk 0:03:05]} Nxe4 {[%clk 0:03:04]} 5. Nc3 {[%clk 0:03:06]} Nxc3
{[%clk 0:03:04]} 6. dxc3 {[%clk 0:03:08]} Be7 {[%clk 0:03:05]} 7. Be3
{[%clk 0:03:09]} Nc6 {[%clk 0:03:04]} 8. Qd2 {[%clk 0:03:10]} O-O
{[%clk 0:03:02]} 9. O-O-O {[%clk 0:03:09]} Ne5 {[%clk 0:03:02]} 10. Be2
{[%clk 0:03:05]} Be6 {[%clk 0:03:01]} 11. Kb1 {[%clk 0:03:06]} Nc4
{[%clk 0:02:39]} 12. Bxc4 {[%clk 0:03:07]} Bxc4 {[%clk 0:02:40]} 13. h4
{[%clk 0:03:08]} b5 {[%clk 0:02:31]} 14. Nd4 {[%clk 0:02:55]} Bf6
{[%clk 0:02:21]} 15. g4 {[%clk 0:02:51]} a5 {[%clk 0:02:14]} 16. g5
{[%clk 0:02:51]} Bxd4 {[%clk 0:01:58]} 17. Bxd4 {[%clk 0:02:45]} b4
{[%clk 0:01:58]} 18. b3 {[%clk 0:02:44]} Be6 {[%clk 0:01:49]} 19. h5
{[%clk 0:02:38]} c5 {[%clk 0:01:32]} 20. Be3 {[%clk 0:02:29]} a4 {[%clk 0:01:31]}
21. Qxd6 {[%clk 0:02:19]} axb3 {[%clk 0:01:32]} 22. Qxd8 {[%clk 0:02:16]} bxa2+
{[%clk 0:01:20]} 23. Ka1 {[%clk 0:02:16]} Rfxd8 {[%clk 0:01:20]} 24. Bxc5
{[%clk 0:02:12]} bxc3 {[%clk 0:01:20]} 25. h6 {[%clk 0:01:42]} Rd2
{[%clk 0:01:09]} 26. Bb4 {[%clk 0:00:34]} Rxc2 27. Rc1 Rxf2 {[%clk 0:00:35]} 28.
Bxc3 {[%clk 0:00:37]} gxh6 {[%clk 0:00:22]} 29. gxh6 {[%clk 0:00:37]} Rg2
{[%clk 0:00:22]} 30. Rhg1 {[%clk 0:00:38]} Rxg1 {[%clk 0:00:23]} 31. Rxg1+
{[%clk 0:00:40]} Kf8 {[%clk 0:00:23]} 1/2-1/2

[Event "M?R 2020 v bleskovém ?achu druzstev"]
[Site "Turnov"]
[Date "2020.09.12"]
[Round "18.5"]
[White "Slepov JUN, Kyryl"]
[Black "Spirek CLI, Adam"]
[Result "0-1"]
[BlackElo "1924"]
[WhiteElo "2124"]
[LiveChessVersion "1.4.8"]

1. e4 {[%clk 0:03:02]} d5 {[%clk 0:03:03]} 2. exd5 {[%clk 0:03:03]} Nf6
{[%clk 0:03:05]} 3. d4 {[%clk 0:03:03]} Bg4 {[%clk 0:03:05]} 4. Be2
{[%clk 0:03:02]} Bxe2 {[%clk 0:03:06]} 5. Nxe2 {[%clk 0:03:03]} Qxd5
{[%clk 0:03:07]} 6. O-O {[%clk 0:03:02]} Nc6 {[%clk 0:03:08]} 7. Nbc3
{[%clk 0:02:43]} Qh5 {[%clk 0:03:09]} 8. Ng3 {[%clk 0:02:40]} Qg6
{[%clk 0:03:10]} 9. Be3 {[%clk 0:02:32]} O-O-O {[%clk 0:03:09]} 10. Nce2
{[%clk 0:02:10]} h5 {[%clk 0:03:10]} 11. Nf4 {[%clk 0:02:07]} Qh7
{[%clk 0:03:11]} 12. c3 {[%clk 0:02:02]} g5 {[%clk 0:03:05]} 13. Nd3
{[%clk 0:01:52]} h4 {[%clk 0:02:59]} 14. Ne2 {[%clk 0:01:49]} h3 {[%clk 0:02:29]}
15. g3 {[%clk 0:01:45]} Qe4 {[%clk 0:02:25]} 16. Ne1 {[%clk 0:01:34]} Ne5
{[%clk 0:02:07]} 17. dxe5 {[%clk 0:01:03]} Rxd1 {[%clk 0:02:03]} 18. Rxd1
{[%clk 0:01:03]} Ng4 {[%clk 0:01:35]} 19. Rd4 {[%clk 0:00:46]} Qf5
{[%clk 0:01:35]} 20. Bc1 {[%clk 0:00:38]} Nxe5 {[%clk 0:01:33]} 21. f4
{[%clk 0:00:27]} gxf4 {[%clk 0:01:23]} 22. Bxf4 {[%clk 0:00:18]} Nc6
{[%clk 0:01:14]} 23. Rd2 {[%clk 0:00:13]} Qc5+ {[%clk 0:01:05]} 24. Nd4
{[%clk 0:00:09]} e5 {[%clk 0:01:04]} 25. b4 {[%clk 0:00:05]} Qb6 {[%clk 0:01:03]}
0-1

[Event "M?R 2020 v bleskovém ?achu druzstev"]
[Site "Turnov"]
[Date "2020.09.12"]
[Round "18.6"]
[White "Bores CLI, Roman"]
[Black "Sipek JUN, Michal"]
[Result "1-0"]
[BlackElo "2077"]
[WhiteElo "2074"]
[LiveChessVersion "1.4.8"]

1. e4 {[%clk 0:03:03]} d6 {[%clk 0:03:01]} 2. d4 {[%clk 0:03:04]} Nf6
{[%clk 0:03:02]} 3. Nc3 {[%clk 0:03:06]} g6 {[%clk 0:03:03]} 4. f4
{[%clk 0:03:07]} Bg7 {[%clk 0:02:44]} 5. Nf3 {[%clk 0:03:07]} c5 {[%clk 0:02:22]}
6. Bb5+ {[%clk 0:03:02]} Bd7 {[%clk 0:02:21]} 7. e5 {[%clk 0:03:03]} Ng4
{[%clk 0:01:57]} 8. e6 {[%clk 0:03:00]} fxe6 {[%clk 0:01:52]} 9. Ng5
{[%clk 0:02:40]} Bxb5 {[%clk 0:01:31]} 10. Nxb5 {[%clk 0:01:54]} Qa5+
{[%clk 0:01:27]} 11. Nc3 {[%clk 0:01:55]} cxd4 {[%clk 0:00:45]} 12. Qxg4
{[%clk 0:01:24]} dxc3 {[%clk 0:00:43]} 13. b3 {[%clk 0:01:25]} Qf5
{[%clk 0:00:37]} 14. Qxf5 {[%clk 0:01:16]} exf5 {[%clk 0:00:38]} 15. Ne6
{[%clk 0:01:17]} Na6 {[%clk 0:00:33]} 16. Nxg7+ {[%clk 0:01:15]} Kf7
{[%clk 0:00:35]} 17. Be3 {[%clk 0:01:02]} Kxg7 {[%clk 0:00:34]} 18. Bd4+
{[%clk 0:01:03]} e5 {[%clk 0:00:36]} 19. fxe5 {[%clk 0:01:02]} Rhe8
{[%clk 0:00:37]} 20. O-O-O {[%clk 0:00:51]} dxe5 {[%clk 0:00:37]} 21. Bxc3
{[%clk 0:00:51]} Re7 {[%clk 0:00:32]} 22. Rd5 {[%clk 0:00:46]} Rae8
{[%clk 0:00:23]} 23. Re1 {[%clk 0:00:43]} Kf6 {[%clk 0:00:19]} 24. Ra5
{[%clk 0:00:16]} Re6 {[%clk 0:00:12]} 25. b4 {[%clk 0:00:15]} Nc7
{[%clk 0:00:06]} 26. Kb2 {[%clk 0:00:06]} a6 {[%clk 0:00:07]} 27. a4
{[%clk 0:00:03]} 1-0